Honest living : (Record no. 124849)

MARC details
000 -LEADER
fixed length control field 00607nam a22002057a 4500
005 - DATE AND TIME OF LATEST TRANSACTION
control field 20170124105945.0
010 ## - LIBRARY OF CONGRESS CONTROL NUMBER
LC control number A-953894
020 ## - INTERNATIONAL STANDARD BOOK NUMBER
Terms of availability 00.00
037 ## - SOURCE OF ACQUISITION
Source of stock number/acquisition Cen Lib/Ret
040 ## - CATALOGING SOURCE
Original cataloging agency DPL
Language of cataloging EN
082 ## - DEWEY DECIMAL CLASSIFICATION NUMBER
Classification number 230.1
Item number SIN
100 ## - MAIN ENTRY--PERSONAL NAME
Personal name M.F. Singh
9 (RLIN) 12143
245 #r - TITLE STATEMENT
Title Honest living :
Statement of responsibility, etc by M.F. Singh
Remainder of title a means to an end /
260 ## - PUBLICATION, DISTRIBUTION, ETC. (IMPRINT)
Name of publisher, distributor, etc Radha Soami Satsang Beas
Place of publication, distribution, etc Punjab
Date of publication, distribution, etc 1997
270 ## - ADDRESS
Address P.O. Dera Baba Jaimal Singh, Dist. Amritsar
City Punjab
Postal code 143204
300 ## - PHYSICAL DESCRIPTION
Extent 80p.
Dimensions 21m(Hb)
650 ## - SUBJECT ADDED ENTRY--TOPICAL TERM
Topical term or geographic name as entry element Radhasoami Satsang
9 (RLIN) 72103
650 ## - SUBJECT ADDED ENTRY--TOPICAL TERM
Topical term or geographic name as entry element Sikhism
9 (RLIN) 3669
942 ## - ADDED ENTRY ELEMENTS (KOHA)
Source of classification or shelving scheme Dewey Decimal Classification
Koha item type English Books
Classification part 230.1
Call number suffix SIN
Holdings
Withdrawn status Lost status Damaged status Not for loan Home library Current library Date acquired Source of acquisition Cost, normal purchase price Total Checkouts Full call number Barcode Date last seen Copy number Cost, replacement price Price effective from Koha item type Source of classification or shelving scheme
        Central Library Central Library 18/06/2015 Cen Lib/Ret 0.00   230.1 SIN A-953894 18/06/2015 1 0.00 18/06/2015 English Books  
        Central Library Central Library 01/11/2016   0.00   230.1 SIN A-953408 01/11/2016 2 0.00 01/11/2016 English Books Dewey Decimal Classification

© Delhi Public Library
Hit Counter
free hit counter